000 00348pab a2200145 454500
008 180718b1995 xxu||||| |||| 00| 0 eng d
100 _aJagmohan
245 _aLiving in a vacuum
_bspirituality and modern state.
260 _c1995
300 _ap.6
362 _a6 Dec
650 _aSocial problems - India
773 _aTribune
909 _a30536
999 _c30536
_d30536